Sports Quiz

Random Sports Quiz

Club van 100 Ajax Quiz Stats

Quiz not verified by Sporcle

Challenge
Share
Tweet
Embed
Score 0/159 Timer 20:00
0 Plays Today
Nationaliteit Antwoord % Correct
NederlandsSjaak Swart
92.7%
NederlandsJohan Cruijff
91.1%
NederlandsFrank de Boer
87.4%
NederlandsRonald de Boer
86.9%
NederlandsEdwin van der Sar
85.3%
FinsJari Litmanen
83.2%
NederlandsMarco van Basten
82.2%
NederlandsDanny Blind
79.1%
NederlandsJan de Boer
78%
BelgischJan Vertonghen
76.4%
NederlandsDaley Blind
76.4%
NederlandsDavy Klaassen
75.9%
UrugyaansLuis Suárez
75.4%
NederlandsWesley Sneijder
73.8%
NederlandsPatrick Kluivert
73.8%
ZweedsZlatan Ibrahimović
72.8%
NederlandsDennis Bergkamp
71.7%
NederlandsSiem de Jong
70.2%
NederlandsRafel van der Vaart
70.2%
NederlandsFrank Rijkaard
69.1%
NederlandsMaarten Stekelenburg
68.6%
BelgischToby Alderweireld
68.6%
NederlandsEdgar Davids
68.6%
DeensChristian Eriksen
68.1%
NederlandsPiet Keizer
67%
NederlandsNigel de Jong
67%
NederlandsKlaas-Jan Huntelaar
66%
DeensLasse Schöne
61.8%
NederlandsGerrit Keizer
60.7%
NederlandsMarc Overmars
59.7%
NederlandsJoël Veltman
59.2%
NederlandsJohn Heitinga
57.1%
NederlandsJasper Cillessen
57.1%
NederlandsGregory van der Wiel
55.5%
NederlandsStanley Menzo
53.9%
NederlandsKenneth Vermeer
53.9%
Zuid-AfrikaansThulani Serero
53.4%
NederlandsGerrit Fischer
52.4%
BelgischThomas Vermaelen
52.4%
RoemeensChristian Chivu
51.8%
TsjechischTomáš Galásek
51.3%
NederlandsRicardo van Rhijn
50.8%
KamaroensEyong Enoh
50.8%
TunesischHatem Trabelsi
49.7%
NederlandsJohan Neeskens
48.7%
NederlandsRuud Krol
48.2%
NederlandsRonald Koeman
47.6%
NederlandsWim Suurbier
47.1%
BraziliaansMaxwell
47.1%
NigeriaansFinidi George
47.1%
DeensSøren Lerby
46.1%
NederlandsGé van Dijk
44.5%
NederlandsDick van Dijk
44%
Nationaliteit Antwoord % Correct
GeorgischShota Arveladze
43.5%
NederlandsWim Jonk
43.5%
FinsNiklas Moisander
42.9%
Zuid-AfrikaansSteven Pienaar
42.4%
DeensViktor Fischer
42.4%
NederlandsUrby Emanuelson
40.3%
NederlandsWim Kieft
39.8%
SpaansGabri
38.7%
NederlandsSonny Silooy
38.2%
NederlandsAron Winter
37.7%
NederlandsArnold Mühren
37.7%
NederlandsJohn van 't Schip
36.1%
NederlandsRichard Witschge
36.1%
NederlandsFred Grim
36.1%
NederlandsRyan Babel
35.6%
NederlandsPiet Schrijvers
35.1%
BraziliaansWamberto
35.1%
NederlandsRob Witschge
35.1%
IjslandsKolbeinn Sigthorsson
35.1%
NederlandsGerrie Mühren
33.5%
DeensFrank Arnesen
32.5%
ServischMiralem Sulejmani
32.5%
NederlandsJohnny Rep
32.5%
NederlandsRinus Michels
31.9%
NederlandsVurnon Anita
31.4%
TsjechischZdeněk Grygera
30.9%
NederlandsJan Wouters
30.4%
NederlandsJohn Bosman
29.3%
NederlandsArie Haan
28.8%
NederlandsRuud Geels
28.8%
NederlandsGerald Vanenburg
27.7%
ZweedsStefan Pettersson
27.7%
NederlandsTscheu La Ling
27.2%
DeensJesper Olsen
27.2%
NederlandsBryan Roy
26.7%
NederlandsBennie Muller
25.7%
NigeriaansTijjani Babangida
25.7%
NederlandsBarry Hulshoff
25.1%
NederlandsHeinz Stuy
25.1%
MarokkaansNourdin Boukhari
25.1%
DuitsHorst Blankenburg
24.6%
NederlandsSimon Tahamata
23%
JoegoslavischVelibor Vasović
22%
NederlandsHenk Groot
20.9%
NederlandsCees Groot
20.4%
NederlandsGert Bals
18.8%
NederlandsPeter Boeve
18.3%
NederlandsAndy van der Meijde
17.8%
NederlandsPiet van Reenen
17.3%
NederlandsHedwiges Maduro
16.8%
NederlandsDick Schoenaker
16.2%
NederlandsKlaas Nuninga
16.2%
NederlandsTon Pronk
15.2%
Nationaliteit Antwoord % Correct
NederlandsEdo Ophof
13.6%
NederlandsTheo van Duivenbode
13.1%
NederlandsArnold Scholten
13.1%
NederlandsMarciano Vink
13.1%
NederlandsMichel Kreek
13.1%
NederlandsPim van Dord
12%
NederlandsWim Anderiesen sr
11.5%
NederlandsWim Anderiesen jr
11.5%
NederlandsHenk Anderiesen
11.5%
NederlandsRonald Spelbos
11.5%
NederlandsCo Prins
11%
NederlandsPeet Petersen
10.5%
NederlandsGer van Mourik
9.9%
NederlandsEddy Pieters Graafland
9.9%
NederlandsKlaas Bakker
8.9%
NederlandsDolf van Kol
7.9%
NederlandsWim Volkers
7.3%
NederlandsBertus Hoogerman
7.3%
NederlandsPiet Ouderland
6.8%
DuitsWerner Schaaphok
6.8%
NederlandsFons Pelser
6.3%
NederlandsJoop Pelser
6.3%
NederlandsJan van Diepenbeek
5.8%
NederlandsGuus Dräger
5.8%
NederlandsJan Schubert
5.8%
NederlandsJoop Stoffelen
5.8%
NederlandsJohnny Dusbaba
5.8%
NederlandsJan Potharst
5.2%
NederlandsHenk Hordijk
5.2%
NederlandsPiet van der Kuil
5.2%
NederlandsTheo Brokmann sr
4.7%
NederlandsErwin van Wijngaarden
4.7%
NederlandsJoop Martens
4.7%
NederlandsJan van Dort
4.7%
NederlandsTheo Brokmann jr
4.7%
NederlandsLoek den Edel
4.7%
NederlandsFrans Couton
4.2%
NederlandsJan de Natris
4.2%
NederlandsJany van der Veen
4.2%
NederlandsGuus van Ham
4.2%
NederlandsBob ten Have
3.7%
NederlandsHenk Mulders
3.7%
NederlandsCor Geelhuizen
3.7%
NederlandsHans Erkens
3.7%
NederlandsPiet van Deyck
3.1%
NederlandsKo Loois
3.1%
NederlandsPiet Strijbosch
3.1%
AmerikaansEddy Hamel
2.6%
NederlandsHenk Twelker
2.1%
NederlandsCo Bouwens
1.6%
NederlandsHenk Elzer
1.6%
NederlandsGerrit Krist
1.6%
NederlandsHenk Bomvliet
0.5%

You're not logged in!

Compare scores with friends on all Sporcle quizzes.
Sign Up with Email
OR
Log In

You Might Also Like...

Show Comments

Extras

Top Quizzes Today


Score Distribution

Your Account Isn't Verified!

In order to create a playlist on Sporcle, you need to verify the email address you used during registration. Go to your Sporcle Settings to finish the process.